000 00655nam a2200229Ia 4500
003 OSt
005 20221005085818.0
006 a|||||r|||| 00| 0
007 ta
008 221004b |||||||| |||| 00| 0 eng d
024 _a120559
037 _bGift, 04/08/2012,
_cTextual
040 _aCRL
_cCRL
_beng
041 _2eng
_aeng
082 _aO122,3L99w, K5
100 _aMaurois Andre
_953706
245 0 _aPromethueus the life of Balzac
260 _aNew York
_bHarper & Row Publisher
_c1965
650 _aENGLISH LITERATURE
942 _hO122,3L99w, K5
_cTEXL
_2cc
999 _c994815
_d994815